00833nam a22002177a 4500003000500000005001700005008004100022010001000063011001000073035001000083040000900093110006200102245013200164260005100296300001000347490009300357650001800450650002700468650002700495830009300522CHAP20220329133947.0971013s1993 r 00010 d a13262 a14234 a18307 cCHAP aMéxico. Dirección General de Planificación Familiar aDocumentos jurídicos y programáticos relacionados con el programa de planificación familiar en Méxicob: una síntesis aMéxico, D.F. :bSecretaría de Salud,c1993 a48 p. aDirección General de Planificación Familiar. Serie temas selectos de investigación14aDemografía.14aFamiliaxPlaneación.14aPoblaciónxMéxico.0 aDirección General de Planificación Familiar. Serie temas selectos de investigación